Digital transformation : (Registro nro. 41422)
[ vista simple ]
| 000 -LEADER | |
|---|---|
| fixed length control field | 01436nam a2200337 c 4500 |
| 001 - CONTROL NUMBER | |
| control field | 41422 |
| 003 - CONTROL NUMBER IDENTIFIER | |
| control field | Mx-PuUPA |
| 005 - DATE AND TIME OF LATEST TRANSACTION | |
| control field | 20260216152516.0 |
| 008 - FIXED-LENGTH DATA ELEMENTS--GENERAL INFORMATION | |
| fixed length control field | 140415s2019 nyua fr 001 0 eng d |
| 020 ## - INTERNATIONAL STANDARD BOOK NUMBER | |
| International Standard Book Number | 9781948122481 |
| 040 ## - CATALOGING SOURCE | |
| Transcribing agency | Mx-PuUPA |
| Original cataloging agency | Mx-PuUPA |
| Language of cataloging | spa |
| Modifying agency | Mx-PuUPA |
| Description conventions | rda |
| 041 0# - LANGUAGE CODE | |
| Language code of text/sound track or separate title | eng |
| 100 1# - MAIN ENTRY--PERSONAL NAME | |
| Personal name | Siebel, Thomas M., |
| Dates associated with a name | 1952- |
| Relator term | autor |
| 9 (RLIN) | 17038 |
| 245 10 - TITLE STATEMENT | |
| Title | Digital transformation : |
| Remainder of title | survive and thrive in an era of mass extinction / |
| Statement of responsibility, etc. | Thomas M. Siebel ; foreword by The Hon. Condolezza Rice |
| 250 ## - EDITION STATEMENT | |
| Edition statement | First edition |
| 264 #1 - PRODUCTION, PUBLICATION, DISTRIBUTION, MANUFACTURE, AND COPYRIGHT NOTICE | |
| Place of production, publication, distribution, manufacture | New York : |
| Name of producer, publisher, distributor, manufacturer | RosettaBooks, |
| Date of production, publication, distribution, manufacture, or copyright notice | 2019 |
| 300 ## - PHYSICAL DESCRIPTION | |
| Extent | 232 páginas : |
| Other physical details | ilustraciones ; |
| Dimensions | 24 cm |
| 336 ## - CONTENT TYPE | |
| Fuente | rdacontent |
| Content type term | texto |
| Content type code | txt |
| 337 ## - MEDIA TYPE | |
| Source | rdamedia |
| Media type term | sin medio |
| Media type code | n |
| 338 ## - CARRIER TYPE | |
| Source | rdacarrier |
| Carrier type term | volumen |
| Carrier type code | nc |
| 650 #7 - SUBJECT ADDED ENTRY--TOPICAL TERM | |
| Source of heading or term | armarc |
| Topical term or geographic name entry element | Electrónico digital |
| General subdivision | Aspectos sociales |
| 650 #7 - SUBJECT ADDED ENTRY--TOPICAL TERM | |
| Source of heading or term | armarc |
| Topical term or geographic name entry element | Innovaciones tecnológicas |
| General subdivision | Aspectos sociales |
| 650 #7 - SUBJECT ADDED ENTRY--TOPICAL TERM | |
| Source of heading or term | armarc |
| Topical term or geographic name entry element | Sociedad de la información |
| 700 1# - ADDED ENTRY--PERSONAL NAME | |
| Personal name | Rice, Condoleezza, |
| Relator term | autor de prefacio |
| 942 ## - ADDED ENTRY ELEMENTS (KOHA) | |
| Source of classification or shelving scheme | Dewey Decimal Classification |
| Koha item type | Libro |
| Classification part | 303.4833 |
| Item part | S57 |
| Withdrawn status | Lost status | Source of classification or shelving scheme | Damaged status | Not for loan | Collection code | Home library | Current library | Shelving location | Date acquired | Source of acquisition | Cost, normal purchase price | Total Checkouts | Full call number | Barcode | Date last seen | Cost, replacement price | Price effective from | Koha item type | Copy number |
|---|---|---|---|---|---|---|---|---|---|---|---|---|---|---|---|---|---|---|---|
| Dewey Decimal Classification | General | Biblioteca Karol Wojtyla | Biblioteca Karol Wojtyla | Sala general | 27/03/2025 | 1 | 624.03 | 303.4833 S57 2019 | 106013 | 05/01/2026 | 624.03 | 07/05/2025 | Libro | ||||||
| Dewey Decimal Classification | General | Biblioteca Karol Wojtyla | Biblioteca Karol Wojtyla | Sala general | 27/08/2025 | 2 | 637.98 | 303.4833 S57 2019 | 106115 | 05/01/2026 | 637.98 | 27/08/2025 | Libro | Ej.2 |